Fyzika pevných látek

Salvato in:
Dettagli Bibliografici
Autore principale: Dekker, Adrianus J.
Natura: Libro
Lingua:lingua imprecisata
Pubblicazione: Praha Academia 1966
Accesso online:Visualizza in OPAC
Tags: Aggiungi Tag
Nessun Tag, puoi essere il primo ad aggiungerne!!

MARC

LEADER 00000nam a2200000 a 4500
005 20260127134055.0
008 000502s1966 xx 0 und c
035 |a vtls001388014 
035 |a SNK000342229 
039 9 |a 201102241123  |b mschk03  |y 200412282229  |z VLOAD 
040 |a SNK  |b slo  |c SNK  |d STUSCHK1  |e AACR2 
100 1 |a Dekker, Adrianus J. 
245 1 |a Fyzika pevných látek 
260 |a Praha  |b Academia  |c 1966 
300 |a 543 s. 
910 |a SCHK95 
999 |c 3465  |d 3465 
942 0 0 |0 1